| 000 | 01839namaa2200409 i 4500 | ||
|---|---|---|---|
| 003 | EG-GICUC | ||
| 005 | 20260608111843.0 | ||
| 008 | 260608m20152016ua |||jr|||| 000 0 ara d | ||
| 017 |
_a2012 / 43440 _a2012 / 3688 _bدار الكتب والوثائق القومية (مصر) |
||
| 020 | _a9789777049900 | ||
| 020 | _a9789777049658 | ||
| 040 |
_aEG-GiCUC _bara _cEG-GiCUC _dEG-GiCUC _erda |
||
| 041 | 1 |
_aara _hfre |
|
| 082 | 0 | 4 |
_221 _a909.82 _bM769 |
| 092 | 0 | 4 |
_221 _a909.82 _bM769 |
| 099 | _a909.82 M769 | ||
| 100 | 1 |
_aمونبريال، تييرى دو _eمؤلف. |
|
| 240 | 1 |
_a20 ans qui bouleversérent le monde: de berlin à pékin _lArabic |
|
| 245 | 1 |
_aعشرون عاما قلبت موازين العالم من برلين إلى بكين/ _cتأليف تييرى دو مونبريال ؛ ترجمة داليا محمد الطوخى ؛ تقديم أمل الصبان. |
|
| 250 | _aالطبعة الاولى | ||
| 264 |
_aالقاهرة (مصر) : _bالمركز القومى للترجمة، _c2015-2016. |
||
| 300 |
_aمجلد 2 _b؛ _c24 سم |
||
| 336 |
_2rdacontent _atext |
||
| 337 |
_2rdamedia _aUnmediated |
||
| 338 |
_2rdacarrier _avolume |
||
| 490 |
_aالمركز القومى للترجمة ؛ _v2118 _v2119 |
||
| 500 | _aالترجمة العربية لـ : 20 ans qui bouleversérent le monde: de berlin à pékin | ||
| 504 | _aيشتمل على ارجاعات ببلويجرافية. | ||
| 541 |
_aوزارة الثقافة ؛ _bالقاهرة ؛ _cإهداء ؛ _d2023. |
||
| 650 | 1 | 7 |
_aالعالم _xتاريخ _yالقرن العشرون _2qrmak |
| 650 | 1 | 7 |
_aالعالم _xتاريخ _2qrmak |
| 651 | 1 | 7 |
_2qrmak _aالعالم _xاحوال سياسية |
| 700 | 1 |
_aالطوخى، داليا _eمترجم. |
|
| 700 | 1 |
_aالصبان، امل _eمقدم. |
|
| 905 | _aAya | ||
| 942 |
_2ddc _cBK _e21 _n0 |
||
| 999 |
_c180414 _d180414 |
||